| 000 | 00518nam a22001457a 4500 | ||
|---|---|---|---|
| 020 | _a978-1-4169-6765-1 | ||
| 082 |
_a823 _bDIX/H |
||
| 100 | _aDIXON, FRANKLIN W | ||
| 245 | _aTHE HARDY BOYS - DOUBLE TROUBLE | ||
| 260 |
_aNEW YORK _bALADDIN PAPERBACKS _c2008 |
||
| 300 | _a157 | ||
| 520 | _aDouble Trouble launches the next three-book arc storyline, featuring a teen celebrity being stalked, with a twin brother who adds some interesting complications into the mix. | ||
| 650 |
_aMYSTERY _zUNITED STATES |
||
| 942 | _cBK | ||
| 999 |
_c7834 _d7834 |
||